000 00333pam a2200157a 44500
008 230515b2009 xxu||||| |||| 00| 0 eng d
020 _aNULL
041 _aENGLISH
082 _a612/ARO
100 _aARROR
245 _aPRACTICAL MICROBIOLOGY
250 _a0
260 _a
_bC B S PUB
_c2009
300 _a217
650 _aNULL
999 _c561021
_d561021